000 00314nam a2200133Ia 4500
005 20251222144821.0
008 251222s9999||||xx |||||||||||||| ||spa||
020 _a978-88-557-0163-1
082 _a458.04/B54/T.2
100 _aBigliazzi, M. Silvia
245 0 _aQuaderni Ditals
264 _bGuerra
942 _cLIB
999 _c20492
_d20492